The perfect horse : the daring U.S. mission to ... Read More
Available copies
- 1 of 1 copy available at LARL/NWRL Consortium. (Show)
- 1 of 1 copy available at Northwest Regional Library.
Current holds
0 current holds with 1 total copy.
View other formats and editions
Show Only Available Copies
| Location | Call Number / Copy Notes | Barcode | Shelving Location | Status | Due Date |
|---|---|---|---|---|---|
| Godel Memorial-Warren Library | 940.5421 LET (Text) | 35500006731846 | Main | Available | - |
Record details
- ISBN: 9780345544803
- ISBN: 0345544803
- ISBN: 9780345544827 (pbk.)
- Physical Description: xix, 369 pages : illustrations, map ; 24 cm
- Edition: First edition.
- Publisher: New York : Ballantine Books, [2016]
Content descriptions
| Bibliography, etc. Note: | Includes bibliographical references (pages ... Read More |
| Formatted Contents Note: | Part One: The Europeans. An unlikely Olympian ; ... Read More |
| Summary, etc.: | "Traces the lesser-known efforts of Hitler to ... Read More In the chaotic last days of World War II, a small ... Read More |
Search for related items by subject
| LDR | 04874cam a22005058i 4500 | ||
|---|---|---|---|
| 001 | 211348 | ||
| 003 | LARL_NWRL_CONSORTIUM | ||
| 005 | 20231117145709.0 | ||
| 008 | 160627s2016 nyuab b 001 0deng | ||
| 019 | . | ‡a956925160 | |
| 020 | . | ‡a9780345544803 ‡q(hardcover ; ‡qalk. paper) | |
| 020 | . | ‡a0345544803 ‡q(hardcover ; ‡qalk. paper) | |
| 020 | . | ‡a9780345544827 (pbk.) | |
| 035 | . | ‡a(OCoLC)952567026 ‡z(OCoLC)956925160 | |
| 042 | . | ‡apcc | |
| 043 | . | ‡an-us--- ‡ae-cs--- ‡ae-au--- ‡ae-pl--- ‡ae-gx--- | |
| 082 | 0 | 0. | ‡a940.54/213714 ‡223 |
| 100 | 1 | . | ‡aLetts, Elizabeth, ‡eauthor. ‡0(LARL_NWRL_CONSORTIUM)222091 |
| 245 | 1 | 4. | ‡aThe perfect horse : ‡bthe daring U.S. mission to rescue the priceless stallions kidnapped by the Nazis / ‡cElizabeth Letts. |
| 250 | . | ‡aFirst edition. | |
| 264 | 1. | ‡aNew York : ‡bBallantine Books, ‡c[2016] | |
| 300 | . | ‡axix, 369 pages : ‡billustrations, map ; ‡c24 cm | |
| 336 | . | ‡atext ‡btxt ‡2rdacontent | |
| 337 | . | ‡aunmediated ‡bn ‡2rdamedia | |
| 338 | . | ‡avolume ‡bnc ‡2rdacarrier | |
| 504 | . | ‡aIncludes bibliographical references (pages 313-350) and index. | |
| 505 | 0 | . | ‡aPart One: The Europeans. An unlikely Olympian ; The master of all horses ; The Polish prince ; Rau's dominion ; The Spanish Riding School of Vienna ; The hidden stud farm ; Podhajsky's choice ; Horses in peril ; The escape -- Part Two: The Americans. Machine versus horse ; A horseless commander ; America's fightin'est General ; Two hands and a Purple Heart -- Part Three: The mission. Armies closing in ; The photographs ; The plan ; Dressed up as a plenipotentiary ; Change of heart ; Lessing takes charge ; The tanks are coming ; The fallen ; The Americans ; The generals ; The craziest caravan in the world ; The Lipizzaner farewell -- Part Four: Homecoming. The super horses are ours ; Departure! ; The riderless horse ; The victory parade ; Finding a home ; The war orphans ; The auction ; The widow's rose ; The birthday party ; A mighty good American ; The veterans ; The Spanish Riding School today -- Epilogue: What became of them? |
| 520 | . | ‡a"Traces the lesser-known efforts of Hitler to build a master race of the finest purebred horses and the heroic achievements of American soldiers to rescue imperiled stolen equines from a hidden Czechoslovakian farm during a 1945 battle between Third Reich and Allied forces,"--NoveList. | |
| 520 | . | ‡aIn the chaotic last days of World War II, a small troop of American soldiers captures a German spy and learns that on a secret farm behind enemy lines, Hitler has stockpiled the world's finest purebred horses in order to breed the perfect military machine--an equine master race. But with the starving Russian army closing in, the animals are in imminent danger of being slaughtered for food. With only hours to spare, one of the U.S. Army's last great cavalrymen, Colonel Hank Reed, makes a bold decision--with General George Patton's blessing--to mount a covert rescue operation. Racing against time, Reed's small but determined force of soldiers, aided by several turncoat Germans, steals across enemy lines in a last-ditch effort to save the horses. Pulling together this multistranded story, Elizabeth Letts introduces us to an unforgettable cast of characters: Alois Podhajsky, director of the famed Spanish Riding School of Vienna, a former Olympic medalist forced to flee the bomb-ravaged Austrian capital with his entire stable in tow; Gustav Rau, Hitler's imperious chief of horse breeding, a proponent of eugenics who dreams of genetically engineering the perfect warhorse for Germany; and Tom Stewart, a senator's son who makes a daring moonlight ride on a white stallion to secure the farm's surrender. Elizabeth Letts's exhilarating tale of behind-enemy-lines adventure, courage, and sacrifice brings to life for the first time one of the most inspiring chapters in the annals of human valor.--Adapted from dust jacket. | |
| 650 | 0. | ‡aWorld War, 1939-1945 ‡xConfiscations and contributions ‡zUnited States. | |
| 650 | 0. | ‡aWorld War, 1939-1945 ‡xCommando operations ‡zCzech Republic ‡zHostouň. | |
| 650 | 0. | ‡aLipizzaner horse ‡zAustria ‡xHistory ‡y20th century. | |
| 650 | 0. | ‡aArabian horse ‡zPoland ‡xHistory ‡y20th century. | |
| 650 | 0. | ‡aWorld War, 1939-1945 ‡xConfiscations and contributions ‡zGermany. | |
| 610 | 2 | 0. | ‡aSpanische Reitschule (Vienna, Austria) ‡xHistory ‡y20th century. |
| 600 | 1 | 0. | ‡aPodhajsky, Alois. ‡0(LARL_NWRL_CONSORTIUM)85005 |
| 650 | 0. | ‡aWorld War, 1939-1945 ‡zAustria. ‡0(LARL_NWRL_CONSORTIUM)168162 | |
| 600 | 1 | 0. | ‡aReed, Charles Hancock, ‡d1900-1980. |
| 610 | 1 | 0. | ‡aUnited States. ‡bArmy. ‡bCavalry Regiment, Mechanized, 2nd ‡xHistory. |
| 776 | 0 | 8. | ‡iOnline version: ‡aLetts, Elizabeth, author. ‡tPerfect horse. ‡bFirst edition. ‡dNew York : Ballantine Books, [2016] ‡z9780345544810 ‡w(DLC) 2016030226 |
| 901 | . | ‡a211348 ‡bOCoLC ‡c211348 ‡tbiblio ‡soclc | |

Add to basket
Permalink
Disable Highlighting